| 000 | 02499nam a2200385 a 4500 | ||
|---|---|---|---|
| 999 |
_c160141 _d160141 |
||
| 003 | BLK | ||
| 005 | 20250122132231.0 | ||
| 008 | 180410b bul|||||r ||||||| ||bul|| | ||
| 010 | _aKNG00167343000 | ||
| 040 | _aBLK | ||
| 041 |
_aBUL _cBUL |
||
| 072 | 7 |
_2bullib _aК _xКраезнание |
|
| 080 |
_aОрганизационни форми на търговска дейност - Стокови борси, складове, панаири, базари, лавки, магазини и др. _b339.17 _x(497.215)(083.15) _z339.17(497.215)(083.15) |
||
| 110 | 1 |
_aСтокова борса. Русе _92948 |
|
| 139 |
_aСтокова борса. Русе _bС 82 |
||
| 245 | 1 | 0 | _aПравилник на Русенската стокова борса |
| 257 | _aBGR | ||
| 260 |
_aРусе _bСтокова борса _c1942 _fРусе : Д. Петров |
||
| 300 |
_a106 с. _c15 см |
||
| 380 | _a3 | ||
| 500 | _aУтв. от М-вото на търговията, промишлеността и труда със заповед N 674 от 2.05.1930, изм. и доп. със следните заповеди на същото м-во: N 2384 от 29.10.1930, N 2906 от 21.10.1932, N IV-21 от 12.01.1935, N IV-1240 от 22.11.1935, N 1555 от 29.07.1936, N 2709 от 20.11.1936, N 2952 от 2.12.1937, N 3456 от 25.11.1939, N 127 от 14.01.1941, N 1058 от 13.03.1941, N 5441 от 17.11.1941. - 500 тир. - Съдържа и Наредба за извършване анализи в борсата, с 99-106. - В чл. 1 е посочено, че борсата е подчинена на М-вото на търговията, промишлеността и труда. | ||
| 650 | 4 |
_aСтокова борса _9250942 |
|
| 650 | 4 |
_aРусе - търговия _9334779 |
|
| 651 | 4 |
_aРусе _9179462 |
|
| 653 | _aстокови борси | ||
| 653 | _aправилници | ||
| 852 | _aЦб 3.145.29493 | ||
| 852 |
_aК 33/П 84 _bК |
||
| 856 | 4 |
_qpdf _i0.00 _lreg users access _fПравилник на Русенската стокова борса _uhttp://185.138.176.146:18082/cgi-bin/koha/opac-retrieve-file.pl?id=b11da68eca646b4efd5b5006b753e29c _xebook _zПравилник на Русенската стокова борса |
|
| 856 | 4 |
_qpdf _i0.00 _ldisable |
|
| 942 |
_cKNG _n0 _s1 _01 |
||
| 944 |
_aCR _c14.11.2014 _lВаля Йорданова _k30558 |
||
| 944 |
_aED _c2023-04-21 _kКети |
||
| 999 | _d160141 | ||